00586nam a2200193 a 4500001001000000005001700010008004100027041000800068044000700076050002700083245010000110260002900210300001700239440003200256500003800288500000900326650002400335700003300359BRCA_675620190320205558.0241011s1945----mx-#######---#000-0#spa-# aspa amx 4aPQ7297b.R46 M66c194510aMonja casada, virgen y martircVicente Riva Palacio; editor y prólogo de Antonio Castro Leal. aMéxicobPorrúac1945 a2 v.c20 cm. 0aEscritores mexicanosv18-19 aLa biblioteca sólo tiene el v.1 aI12214aLiteratura mexicana1 aCastro Leal, AntonioeEditor